Statistics for Los Angeles Lakers All-Time Roster

Click here to take the quiz!

General Stats

  • This quiz has been taken 199 times
  • The average score is 9 of 12

Answer Stats

Post Player % Correct
PGMagic Johnson
99%
SGKobe Bryant
99%
CShaquille O'Neal
98%
PFKareem Abdul-Jabbar
96%
BNJerry West
91%
SFElgin Baylor
81%
BNJames Worthy
78%
BNPau Gasol
69%
BNGeorge Mikan
51%
BNGail Goodrich
40%
BNMichael Cooper
32%
BNJamaal Wilkes
24%

Score Distribution

Percentile by Number Answered

Percent of People with Each Score

Your Score History

You have not taken this quiz